00794nam a2200193Ia 4500008004100000020001500041041001200056082001600068100001700084245007800101260002500179300000800204650000800212700001800220942000700238999001500245952017000260952017000430221030s9999 xx 000 0 und d a8120300548 aEnglish a105.23bJor aE. C. Jordon 0aElectromagentic Waves & radiating systemscby E. C. Jordon, K. G. Balmain bPHIaNew Delhic2002 a753 aEMT aK. G. Balmain cBK c3219d3219 pBE 5204g195.00l0o105.23 Jorr2024-06-13 00:00:00w2022-10-30yBK003Print4070aMIETLIBbMIETLIBcBL-Academic Block C, FL-2, CUP-8, SH-1, R-1d2002-05-3010HBE pBE 5205g195.00l0o105.23 Jorr2024-06-13 00:00:00w2022-10-30yBK003Print4070aMIETLIBbMIETLIBcBL-Academic Block C, FL-2, CUP-8, SH-1, R-1d2002-05-3010HBE